000 00651nam a22002057a 4500
005 20180412104316.0
010 _aENG-122456
020 _a9788171393473
_c650.00
035 _aEN-105988
037 _bDBAD/PUB
082 _a128.2
245 _aMind and art /
_ced. by Anand Sidhartha [and] Priya Ranjan Trivedi
260 _aNew Delhi
_bJnanada Prakashan (P&D)
_c2016
270 _a4837/2, 24, Ansari Road, Daryaganj,
_bNew Delhi
_e110002
300 _a214p.
_bill.
_c21cm(Hb)
500 _aIncludes bibliography [and] index
700 _dSidhartha. Anand
700 _dTrivedi, Priya Ranjan
942 _2ddc
_cEN
_mMIN
_h128.2
999 _c150683
_d150683